000 00353nam a2200145Ia 4500
003 OSt
005 20240108165610.0
008 170524s9999 xx 000 0 und d
020 _a9788183561754
040 _cIIMT UNIVERSITY
100 _aPRASAD- GOVIND
245 0 _aMEDIA LEKHAN AVEM SAMPADAN KALA
260 _bNEW DELHI: DISCOVERY
942 _2ddc
_c01
999 _c9313
_d9313